| 000 | 00610nam a22001937a 4500 | ||
|---|---|---|---|
| 005 | 20161209114315.0 | ||
| 010 | _aENG-116774 | ||
| 020 |
_a818506069 _c595.00 |
||
| 035 | _aEN-100306 | ||
| 037 | _bDBAD/PUB | ||
| 082 | _a320.954 | ||
| 100 | _aNarang, A.S. | ||
| 245 |
_aIndia political system, process and development / _cby Amarjit S. Narang |
||
| 260 |
_aNew Delhi _bGitanjali Publishing House _c2015 |
||
| 270 |
_a3,DDA,Shoping Center,Anand Lok _bNew Delhi _e110049 |
||
| 300 |
_a706p. _c24cm(pbk) |
||
| 500 | _aIncluding bibliographical references | ||
| 942 |
_2ddc _cEN _mNAR _h320.954 |
||
| 999 |
_c105020 _d105020 |
||